000
00302nam a22001337a 4500
008
210304b ||||| |||| 00| 0 eng d
020
_a
9780195187151
041
_a
eng
080
_a
94
100
_a
14
101
_a
SHH
245
_a
A Brief History of the Romans
_c
Boatwright,T/M
942
_2
udc
_c
BK
999
_c
55771
_d
55771